000 00448nam a2200133 a 4500
001 ASIN2008879166
005 20140701172611.0
008 140702s2008 xxu eng d
100 1 _aJoshi, Hemant.
245 1 4 _aResidential commercial and industrial electrical systems
_cHemant Joshi
260 _a[Vol 2] :
_bTata McGraw Hill,
_c2008.
300 _a339 p. ;
_c27 cm.
856 4 0 _3Amazon.com
_uhttp://www.amazon.com/exec/obidos/ASIN/chopaconline-20
999 _c7775
_d7775